000 00715cam a2200253 4500500
005 20260329005519.0
041 _afre
042 _adc
100 1 0 _aDuru, Martin
_eauthor
245 0 0 _aPetite Philosophie des algorithmes sournois
260 _c2023.
500 _a29
690 _aAlgorithme
690 _aCalcul
690 _aChatGPT
690 _aÉcrans
690 _aFaux
690 _aGafam
690 _aIntelligence Artificielle
690 _aInternet
690 _aLuc de Brabandere
786 0 _nPhilosophie magazine | 175 | 12 | 2023-12-01 | p. 57-57 | 1951-1787
856 4 1 _uhttps://shs.cairn.info/magazine-philosophie-magazine-2023-12-1-page-57?lang=fr&redirect-ssocas=7080
999 _c1844111
_d1844111